| 000 | 00710cam a22002293a 4500 | ||
|---|---|---|---|
| 001 | 31679 | ||
| 003 | PGUSA | ||
| 005 | 20140828083702.0 | ||
| 008 | 100317s2010||||xxu|||||s|||||000 | eng d | ||
| 040 |
_aPGUSA _beng |
||
| 042 | _adc | ||
| 050 | 4 | _aQH | |
| 100 | 1 |
_aHall, E. Raymond _q(Eugene Raymond), _d1902-1986 |
|
| 245 | 1 | 0 |
_aNorth American Yellow Bats, 'Dasypterus,' and a List of the Named Kinds of the Genus Lasiurus Gray _h[electronic resource] / _cE. Raymond Hall |
| 260 |
_bProject Gutenberg, _c2010 |
||
| 506 | _aPublic domain in the USA. | ||
| 516 | _aElectronic text | ||
| 653 | _aBats | ||
| 830 | 0 |
_aProject Gutenberg _v31679 |
|
| 856 | 4 | 0 | _uhttp://www.gutenberg.org/ebooks/31679 |
| 942 | _cEB | ||
| 999 |
_c260934 _d260934 |
||